Test de rapidité - Azerty - Statistiques

Statistiques générales
  • Ce quiz a été pris 824 fois
  • Le résultat moyen est 21 sur 26
Statistiques - réponses
Lettres % Correct
a
100%
e
98%
r
95%
z
95%
t
94%
y
91%
i
83%
o
82%
u
82%
p
80%
d
78%
q
78%
f
77%
h
77%
g
76%
j
76%
k
76%
l
76%
s
76%
b
75%
c
75%
m
75%
n
73%
v
72%
w
72%
x
72%
Aucun quiz correspondant
Distribution des résultats
% des personnes avec chaque résultat
Percentile par nombre de réponses
Votre historique - résultats
Vous n’avez pas pris ce quiz